00856na a2200277 450000100060000000300080000600500170001400800410003102000180007203500100009004000250010008200220012509000210014710000200016824500560018824600390024425000110028326000490029430000190034360000410036265000240040365000220042794200130044995201030046299900130056512721MIRAKIL20181213154737.0160923b tu 000 0  a9786051258225 a12721 aMilasbturcTR-AnCHP a297.61bG98h 2014 a297.61 G98h 2014 aGüven, Mehmet aHz. Ali'nin mucizeleri ve hadislericMehmet Güven aHz. Alinin mucizeleri ve hadisleri a4. bs. aHataybGünışığı Kitaplığıc2014 a174 s.c20 sm. aHz. Ali (Ali bin Ebu Talib)d599-661 aİslam önderleri aHz. AlixHadisler 2dcccBKS a0001b0001d2016-08-01e2l0o297.61 G98h 2014p000429r2016-08-01 00:00:00v0.00w2016-08-01yBKS c170d170